|
|
|
|
| LEADER |
00000naa2a2200000 4500 |
| 001 |
612214 |
| 005 |
20260421141841.0 |
| 035 |
|
|
|a (RuTPU)RU\TPU\conf\10326
|
| 035 |
|
|
|a RU\TPU\conf\10302
|
| 090 |
|
|
|a 612214
|
| 100 |
|
|
|a 20150525d2015 k y0rusy50 ba
|
| 101 |
0 |
|
|a ger
|
| 102 |
|
|
|a RU
|
| 135 |
|
|
|a drgn ---uucaa
|
| 181 |
|
0 |
|a i
|
| 182 |
|
0 |
|a b
|
| 200 |
1 |
|
|a Neuer Raketentreibstoff aus Aluminium und Wasser dank Nanotechnologie
|f N. A. Ovsyannikova
|g wiss. Betr. L. V. Tarasova
|
| 203 |
|
|
|a Текст
|c электронный
|
| 225 |
1 |
|
|a Space instrument making
|
| 300 |
|
|
|a Заглавие с титульного экрана
|
| 320 |
|
|
|a [Библиогр.: с. 356 (3 назв.)]
|
| 337 |
|
|
|a Adobe Reader
|
| 463 |
|
1 |
|0 (RuTPU)RU\TPU\conf\9748
|t Космическое приборостроение
|o сборник научных трудов III Всероссийского форума школьников, студентов, аспирантов и молодых ученых с международным участием, г. Томск, 8-10 апреля 2015 г.
|f Национальный исследовательский Томский политехнический университет (ТПУ)
|v [С. 355-356]
|d 2015
|
| 610 |
1 |
|
|a труды учёных ТПУ
|
| 610 |
1 |
|
|a электронный ресурс
|
| 610 |
1 |
|
|a ракетное топливо
|
| 610 |
1 |
|
|a алюминий
|
| 610 |
1 |
|
|a вода
|
| 610 |
1 |
|
|a нанотехнологии
|
| 700 |
|
1 |
|a Ovsyannikova
|b N. A.
|
| 702 |
|
1 |
|a Tarasova
|b L. V.
|c Linguist
|c Dozent der Polytechnischen Universität Tomsk, Kandidat der pädagogischen Wissenschaften
|f 1961-
|g Lilija Viktorowna
|4 727
|
| 712 |
0 |
2 |
|a Национальный исследовательский Томский политехнический университет
|c (2009- )
|9 26305
|
| 801 |
|
2 |
|a RU
|b 63413507
|c 20210212
|g RCR
|
| 856 |
4 |
|
|u http://earchive.tpu.ru/handle/11683/64483
|
| 856 |
4 |
|
|u http://www.lib.tpu.ru/fulltext/c/2015/C22/084.pdf
|
| 942 |
|
|
|c BK
|